000 01318nam a2200325 i 4500
003 EG-GICUC
005 20260122092158.0
008 251119s1992 ua ||||f |||| 00| 0 ara d
017 _a92/4718
020 _a977-04-0841-7
040 _a EG-GICUC
_bara
_c EG-GICUC
_d EG-GICUC
_erda
041 _aara
082 0 4 _221
_a345.31
_bم ح . م
092 0 4 _221
099 _aLaw1 07 345.31 م ح . م 1992
100 0 _aمحمد محمد بدران
_eمؤلف.
245 1 0 _aمضمون فكرة النظام العام و دورها في مجال الضبط الإداري دراسة مقارنة في القانونين المصري و الفرنسي /
_cدكتور محمد محمد بدران
264 _aالقاهرة :
_bدار النهضة العربية ,
_c1992.
300 _a367؛ صفحة
_c24 سم
336 _2rda content
_atext
337 _2rda media
_aComputer
338 _2rda carrier
_aOnline Resource
500 _aيشتمل علي ارجاعات ببليوجرافية
546 _aالنص أغلبه باللغة العربية بعض النصوص الإنجليزية والفرنسية
650 1 _aالقانون الإداري
_2qrmak
651 1 _2qrmak
856 4 0 _uhttps://fll.law.cu.edu.eg/fulltext/bks/B07-01010.pdf
905 _a74
_eYara
942 _2ddc
_n0
_cBK
_e21
999 _c44801
_d44801